00383nam a2200145Ia 450000500170000000800410001704000130005808200180007110000220008924500640011126000290017530000090020454600090021365000150022220250327102303.0231207s9999 xx 000 0 und d cPK-LaNCA aMPH 181.9bGR aGril, Evan P. Mic 0aMashriq Kay Azeem Mufakkirbمشرق کے عظیم مفکر bTakhliqaataLahorec1997 a455p aUrdu aPhilosophy